| 000 | 00640nam a2200253Ia 4500 | ||
|---|---|---|---|
| 003 | OSt | ||
| 005 | 20221005081137.0 | ||
| 006 | a|||||r|||| 00| 0 | ||
| 007 | ta | ||
| 008 | 221004b |||||||| |||| 00| 0 eng d | ||
| 024 | _a61549 | ||
| 037 | _cTextual | ||
| 040 |
_aCRL _cCRL _beng |
||
| 041 |
_2eng _aeng |
||
| 082 | _aV1:19'N9, M8 | ||
| 100 | _aDeutsch Karl W | ||
| 245 | 0 | _aAnalysis of international relations. | |
| 250 | _a3rd | ||
| 260 |
_aNew Delhi _bPrentice Hall _c1989 |
||
| 300 |
_a363p. _ccm. |
||
| 650 | _aHISTORY | ||
| 942 |
_hV1:19'N9, M8 _cTEXL _2cc |
||
| 999 |
_c987254 _d987254 |
||